Statistics for 10 Westernmost Capital Cities in Asia

Click here to take the quiz!

General Stats

  • This quiz has been taken 236 times
  • The average score is 8 of 10

Answer Stats

Longitude Capital City % Correct
32°52′EAnkara
94%
35°13′EJerusalem
90%
35°31′EBeirut
82%
36°18′EDamascus
81%
33°22′ENicosia
80%
44°26′EBaghdad
80%
35°56′EAmman
77%
44°47′ETbilisi
75%
44°31′EYerevan
68%
44°12′ESana'a
61%

Score Distribution

Percentile by Number Answered

Percent of People with Each Score

Your Score History

You have not taken this quiz